Catálogo de la Biblioteca Horacio González - Universidad Nacional de General Sarmiento

Besar a la muerta (Registro nro. 62984)

Detalles MARC
000 -CABECERA
campo de control de longitud fija 00776nam a2200277Ia 4500
001 - NÚMERO DE CONTROL
campo de control UByD000261
003 - IDENTIFICADOR DEL NÚMERO DE CONTROL
campo de control AR-LpoUNG
005 - FECHA Y HORA DE LA ÚLTIMA TRANSACCIÓN
campo de control 20230102113826.0
008 - DATOS DE LONGITUD FIJA--INFORMACIÓN GENERAL
campo de control de longitud fija 220326s2014||||ag |||||||||||||| ||spa|d
020 ## - NÚMERO INTERNACIONAL ESTÁNDAR DEL LIBRO
Número Internacional Estándar del Libro 9789505633562
040 ## - FUENTE DE LA CATALOGACIÓN
Centro catalogador/agencia de origen AR-LpoUNG
Lengua de catalogación spa
Centro/agencia transcriptor AR-LpoUNG
Normas de descripción aacr
041 ## - CÓDIGO DE LENGUA
Código de lengua del texto/banda sonora o título independiente spa
082 0# - NÚMERO DE LA CLASIFICACIÓN DECIMAL DEWEY
Número de clasificación A863 643bes
100 1# - ENTRADA PRINCIPAL--NOMBRE DE PERSONA
Nombre de persona González, Horacio
245 10 - MENCIÓN DE TÍTULO
Título Besar a la muerta
250 ## - MENCIÓN DE EDICIÓN
Mención de edición 1ra. ed.
260 ## - PUBLICACIÓN, DISTRIBUCIÓN, ETC.
Lugar de publicación, distribución, etc. Buenos Aires :
Nombre del editor, distribuidor, etc. Colihue,
Fecha de publicación, distribución, etc. 2014.
300 ## - DESCRIPCIÓN FÍSICA
Extensión 192 p.
590 ## - NOTA LOCAL (RLIN)
Procedencia (VM) [OBSOLETO] Ejemplar 00067618, p. 110-11, contiene:
Nota local fragmento de papel con instrucciones manuscritas sobre toma de remedios.
650 #4 - PUNTO DE ACCESO ADICIONAL DE MATERIA--TÉRMINO DE MATERIA
Término de materia o nombre geográfico como elemento de entrada LITERATURA
650 #4 - PUNTO DE ACCESO ADICIONAL DE MATERIA--TÉRMINO DE MATERIA
Término de materia o nombre geográfico como elemento de entrada NOVELAS
650 #4 - PUNTO DE ACCESO ADICIONAL DE MATERIA--TÉRMINO DE MATERIA
Término de materia o nombre geográfico como elemento de entrada ARGENTINA
700 1# - PUNTO DE ACCESO ADICIONAL--NOMBRE DE PERSONA
Nombre de persona López, María Pía
Término indicativo de función/relación pról.
905 ## - ELEMENTOS DE DATOS E LOCAL, LDE (RLIN)
a CJPM851
942 ## - ELEMENTOS DE PUNTO DE ACCESO ADICIONAL (KOHA)
Tipo de ítem Koha Libro
Fuente del sistema de clasificación o colocación Dewey Decimal Classification
Existencias
Estado de retiro Estado de pérdida Fuente del sistema de clasificación o colocación Estado dañado No para préstamo Código de colección Localización permanente Ubicación/localización actual Fecha de adquisición Total de préstamos Signatura topográfica completa Código de barras Fecha visto por última vez Fecha del último préstamo Precio válido a partir de Tipo de ítem Koha Ubicación en estantería
    Dewey Decimal Classification     Colección General Biblioteca Universidad Nacional de General Sarmiento Biblioteca Universidad Nacional de General Sarmiento 26/03/2022 5 A863 643bes 00066538 03/09/2025 19/08/2025 26/03/2022 Libro  
    Dewey Decimal Classification     Colección General Biblioteca Universidad Nacional de General Sarmiento Biblioteca Universidad Nacional de General Sarmiento 26/03/2022   A863 643bes S00066539 26/03/2022   26/03/2022 Lectura en Sala  
    Dewey Decimal Classification     Colección José Pablo Martín Biblioteca Universidad Nacional de General Sarmiento Biblioteca Universidad Nacional de General Sarmiento 02/12/2022   A863 643bes 00067618 02/12/2022   02/12/2022 Libro En exhibicion